| 000 | 01339nam a2200205Ia 4500 | ||
|---|---|---|---|
| 008 | 220216s9999 xx 000 0 und d | ||
| 100 | _aXiaoping Wu | ||
| 245 | 0 | _aStudies on the protective coating for tapping panel against winter cold | |
| 260 | _bProceedings of IRRDB Symposium 1999, Hainan, Peoples Republic of China. pp.236-244. | ||
| 520 | _aMany years of large-scale trials of a newly made protective coating for rubber panel against winter cold reveal that it is more effective than the conventionally used protective coatings such as the vegetable oils (rubber seed oil, palm oil, castor oil), waxes (paraffin wax, beeswax) and rosin mixture coating, the petrolatum coating and the wet clay and cattle dung mixture coating. It can not only protect the rubber panel against cold in winter, but also increase rubber yield in the early period of the next year, promote the growth of the regenerated panel bark and the recovery of the dry panel. Application of the new protective coating is convenient, and has not caused any disease in the panel up to now. | ||
| 650 | _aProtective coating | ||
| 650 | _aRate of cracking of bark | ||
| 650 | _aRate of tapping panel dryness | ||
| 650 | _aRegenerated bark | ||
| 650 | _aTapping panel | ||
| 700 | _aJuqun Wu | ||
| 700 | _aXiangdong He | ||
| 700 | _aZhiyu Niu | ||
| 942 | _cJS | ||
| 999 |
_c69727 _d69727 |
||